000 00991cam a22003132 4500
001 74979
003 BD-RjUL
005 20211209082629.0
008 720606s1966 xx 000 0 eng c
035 _a(BD-RjUL)75197
040 _aOUN
_cOUN
_dUKM
_dEQO
_beng
041 _aeng
082 _a587
_223
_bSPM 1968
100 1 _aSporne, K. R.
_9226586
245 1 4 _aThe morphology of pteridophytes :
_bthe structure of ferns and allied plants /
_c[by] K. R. Sporne.
250 _a2nd ed.
260 _aLondon :
_bHutchinson,
_c1966.
300 _a190 p.
_billus., tables, diagrs.
_c21 cm.
490 1 _aHutchinson university library. Biological sciences
504 _aBibliography: p. 183-188.
650 0 _aPteridophyta.
_9226587
650 0 _aPlant morphology.
_9226588
830 0 _aHutchinson university library.
_9226591
942 _2ddc
_cBK
999 _c74979
_d74979